| 000 | 00000nam##2200000za#4500 |
| 001 | 9.685809 |
| 003 | CaOODSP |
| 005 | 20210624230243 |
| 007 | cr ||||||||||| |
| 008 | 150407|1999||||xxc|||||o f|0| 0 eng|d |
| 020 | |a0-662-29392-4 |
| 040 | |aCaOODSP|beng |
| 043 | |an-cn--- |
| 086 | 1 |aP75-14/1999E-IN |
| 110 | 1 |aCanada.|bPublic Works and Government Services Canada.|bAudit and Review Branch. |
| 245 | 10|aReview of Automated Buyer Environment (ABE) - data integrity and functionality |h[electronic resource] |
| 260 | |aOttawa - Ontario : |bPublic Works and Government Services Canada. |c1999. |
| 300 | |a28p. (2657 KB) |
| 590 | |a00-40|b2000-10-06 |
| 690 | 07|aPurchasing|2gcpds |
| 690 | 07|aElectronic commerce|2gcpds |
| 690 | 07|aInformation|2gcpds |
| 775 | 08|tExamen de l'Environnement automatisé de l'acheteur (ABE) - intégrité des données et de la fonctionnalité |w(CaOODSP)9.630394 |
| 856 | 40|ahttp://publications.gc.ca|qPDF|s2657 KB|uhttps://publications.gc.ca/collections/Collection/P75-14-1999E.pdf |
| 986 | |a1998-645 |